| 000 | 00655nam a2200217 4500 | ||
|---|---|---|---|
| 003 | OSt | ||
| 005 | 20140806142923.0 | ||
| 008 | 140806b xxu||||| |||| 00| 0 eng d | ||
| 020 | _a0713143096 | ||
| 040 | _c040a | ||
| 082 | _aWS 200 J394d 1978 | ||
| 245 |
_aDiseases of children in the subtropics and tropics / _cD. B. Jelliffe, J. P. Stanfield |
||
| 250 | _a3rd.ed. | ||
| 260 |
_aLondon _bEdward Arnold _c1978 |
||
| 300 |
_axviii, 1047p ; _bill : _c24cm . |
||
| 504 | _aincludes bibliographic references and index | ||
| 650 |
_achildren diseases _9837 |
||
| 700 |
_4Editors _aJelliffe, D. B _9843 |
||
| 700 |
_aStanfield, J. P _9844 |
||
| 942 |
_2z _cB_BANK |
||
| 999 |
_c320 _d320 |
||